00450 2200181 4500001002100000005001500021035002000036008004100056245005000097100002100147250000600168260003400174300001200208084001400220082000800234650001400242990001200256INLIS00000000000018220240502114035 a0010-0424000158240502 0 ind 1 aIkhtisar Sejarah Indonesia /cHeru Dwiyantara aDwiyantara, Heru a1 aSolo :bTiga Serangkai,c2011 a124 hlm a900 HER i a900 4aNon Fiksi a0732472